01780cam a2200217 4500001000500000005001700005008003900022010001700061020002200078082001700100100002100117245005400138250001200192260002900204300002900233504005100262505109100313650002401404999001501428952011901443838320181127185758.0050418s2004 enka b 001 0 eng a 2005274255 a034081196X (pbk.)00a616/.0422221 aHarper, Peter S.10aPractical genetic counselling /cPeter S. Harper. a6th ed. aLondon ;bArnold,c2004. a409 p. :bill. ;c24 cm. aIncludes bibliographical references and index. aCONTENTS : Genetic counselling: an introduction -- Genetic counselling in Mendelian disorders -- Common disorders and genetic counselling -- Chromosome abnormalities -- Molecular genetics and genetic counselling -- Dysmorphology and genetic syndromes -- Carrier testing and genetic prediction -- Prenatal diagnosis and reproductive aspects of medical genetics -- Special issues in genetic counselling -- The genetic counselling clinic -- Neuromuscular disorders -- Central nervous system disorders -- Disorders of mental function -- Disorders of bone and connective tissue -- Oral and craniofacial disorders -- The skin -- The eye -- Deafness -- Cardiovascular and respiratory disorders -- The gastrointestinal tract -- Renal and urinary tract disease -- Endocrine and reproductive disorders -- Inborn errors of metabolism -- Disorders of blood and immune function -- Genetic risks in cancer -- Environmental hazards -- Population aspects of genetic counselling and genetic screening -- Genetics and society. Appendix: Useful information in connection with genetic counselling.grt 0aGenetic counseling. c7244d7244 00102ddc40708MAINaRTCLIBbRTCLIBcMAINh i12819l0o616 HARp30012126r2018-11-27 00:00:00w2018-11-27yMAIN